Statistics for Countries with embassies and consulates in Belize

Click here to take the quiz!

General Stats

  • This quiz has been taken 19 times
  • The average score is 11 of 12

Answer Stats

Continent Country % Correct
North AmericaUnited States of America
100%
North AmericaCuba
100%
South AmericaBrazil
94%
North AmericaCosta Rica
94%
North AmericaEl Salvador
94%
North AmericaGuatemala
94%
North AmericaHonduras
94%
North AmericaMexico
94%
North AmericaNicaragua
94%
North AmericaPanama
94%
South AmericaVenezuela
88%
AsiaTaiwan
65%

Score Distribution

Percentile by Number Answered

Percent of People with Each Score

Your Score History

You have not taken this quiz